Pays les plus proches de l'Italie - Statistiques

Statistiques générales
  • Ce quiz a été pris 22 863 fois
  • Le résultat moyen est 16 sur 20
Statistiques - réponses
km Pays % Correct
0 France
100%
0 Suisse
98%
0 Autriche
92%
45 Allemagne
91%
12 Croatie
91%
78 Grèce
89%
0 Vatican
89%
0 Slovénie
86%
8 Monaco
84%
0 Saint-Marin
84%
81 Malte
80%
73 Albanie
79%
153 Bosnie-Herzégovine
78%
188 Hongrie
76%
174 Monténégro
75%
68 Liechtenstein
73%
71 Tunisie
71%
214 Algérie
67%
218 République tchèque
67%
204 Macédoine du Nord
66%
Aucun quiz correspondant
Distribution des résultats
% des personnes avec chaque résultat
Percentile par nombre de réponses
Votre historique - résultats
Vous n’avez pas pris ce quiz